000 00809nam a22002531u 4500
001 04301
003 HDC
007 cr bn ---
008 21011662003 xx engy
040 _aHDC
245 0 _aWHO ANNUAL REPORT 2005
260 _a[No Place] :
_b[publisher not identified],
_c2005
300 _a15 pages :
336 _atext
_2rdacontent
337 _acomputer
_2rdamedia
338 _aonline resource
_2rdacarrier
650 _aPharmaceutical industry
_9799
650 _aPharmaceutical policy
_94440
650 _aPharmaceutical services
_94439
856 _zRequest full-text at [email protected]
942 _2lcc
942 _cEIS
942 _kAREP 000107
999 _c1626
_d1626